00507nam a2200145Ia 4500008004100000100002400041245006400065245006400129260000900193300000900202650001300211856004500224999001900269952007300288170221s9999 xx 000 0 und d aIndika Karunanayake aGDP Growth and the Interdependency of Volatility Spillovers cIndika Karunanayake, Abbas Valadkhani, and Martin O’Brien c2013 a12 : xBusiness uhttp://ro.uow.edu.au/aabfj/vol6/iss1/14/ c313346d313346 001040aCLbCLd2017-02-21l0r2017-02-21 00:00:00w2017-02-21yFOJ